| 000 | 005470000a22001570004500 | ||
|---|---|---|---|
| 003 | MACL | ||
| 005 | 20170704133450.0 | ||
| 008 | 170704b xxu||||| |||| 00| 0 eng d | ||
| 040 | _cmacl | ||
| 100 |
_aगुलेरी,प्रत्युष _968039 |
||
| 245 | _aगुलेर का राजा हरिशचन्द्र | ||
| 260 |
_bनेशनल बुक्स ट्रस्ट _c1998 _aदिल्ली |
||
| 350 | _a5.50 | ||
| 650 |
_aबाल पुस्तक _966192 |
||
| 942 |
_cHIN _k741.642 _2ddc |
||
| 999 |
_c12149 _d12149 |
||